|
|
|
|
| LEADER |
00000nab a2200000 ar4500 |
| 001 |
vtls009457747 |
| 003 |
SK-MaSNL |
| 005 |
20260426055619.0 |
| 008 |
180911c2008 xo br|p|r|||||000 b|slo |
| 015 |
|
|
|a SNBRB2008/11
|
| 038 |
|
|
|a PPPKCL
|
| 040 |
|
|
|a PPPKCL
|b slo
|c PPPK
|e AACR2
|
| 041 |
0 |
|
|a slo
|
| 044 |
|
|
|a xo
|c SK
|
| 080 |
|
|
|a 630-051
|x (234.372.4)
|2 2001
|
| 080 |
|
|
|a 796.524
|x (234.372.4)
|2 2001
|
| 245 |
0 |
0 |
|a Kondičný deň sa vydaril
|c [autor] - red -
|
| 300 |
|
|
|b Fotogr.
|
| 610 |
2 |
7 |
|a Štátne lesy Tatranského národného parku (Slovensko)
|2 pppkcl
|
| 648 |
|
7 |
|a 31.1.2008
|2 pppkcl
|9 406280
|
| 650 |
0 |
7 |
|a lesníci
|2 pppkcl
|9 27497
|
| 650 |
0 |
7 |
|a vysokohorská turistika
|2 pppkcl
|9 3260
|
| 651 |
|
7 |
|a Vysoké Tatry (Poľsko a Slovensko : pohorie)
|2 SNKPHgeo
|9 67729
|
| 651 |
|
7 |
|a Dolina Bielej vody kežmarskej (Vysoké Tatry, Slovensko)
|2 pppkcl
|9 55681
|
| 773 |
0 |
|
|t Tatry : dvojmesačník štátnych lesov Tatranského národného parku v Tatranskej Lomnici
|g Roč.XXXXVI, č. 2 (2008), s. 6
|x 1335-6828
|
| 852 |
|
|
|a PPPK
|b KIS3GCP
|
| 999 |
|
|
|c 2188739
|d 2190669
|